Estudios contemporǹeos sobre derecho electoral

Bibliographic Details
Main Author: Garca̕ Mňdez, Carlos
Format: eBook
Language:Spanish
Published: Veracruz: Universidad de Xalapa, 2018
Subjects:
Online Access:Acceso restringido

MARC

LEADER 00000nam a22000007a 4500
005 2019041407307.0
007 cr|||| ||||
008 190414s2018 mx |||||s|||| 00||0 spa d
020 |a 978-607-8156-78-8 
035 |a 23142 
040 |a vLex 
090 |c 8632  |d 8632 
100 1 |a Garca̕ Mňdez, Carlos 
245 1 0 |a Estudios contemporǹeos sobre derecho electoral  |h [Recurso electrn̤ico] /  |c Carlos Garca̕ Mňdez 
256 |a Servicio en ln̕ea 
260 |a Veracruz:  |b Universidad de Xalapa,  |c 2018 
300 |a 1 recurso electrn̤ico 
506 1 |a Disponible solo en los productos indicados  |d vLex Global  |d vLex Global (Academic Edition, excluding Law Schools)  |d vLex Global (U.S. Academic Edition, Law Schools)  |d vLex Global (U.S. Academic Edition, excluding Law Schools)  |d vLex Global (Academic Edition, Law Schools) 
650 0 4 |a Derecho Constitucional  |z Mx̌ico 
650 0 4 |a Rǧimen Electoral  |z Mx̌ico 
740 0 |a vLex Libros (Servicio en ln̕ea) 
856 4 0 |u http://vlex.com/source/estudios-contemporaneos-sobre-derecho-electoral-23142  |z Acceso restringido 
942 |c BOOK 
999 0 |a Constitutional Law 
999 0 |a Electoral Regime